Human Anatomy and Physiology with solved Question (Record no. 6320)

MARC details
000 -LEADER
fixed length control field 00461nam a22001817a 4500
005 - DATE AND TIME OF LATEST TRANSACTION
control field 20230119102233.0
008 - FIXED-LENGTH DATA ELEMENTS--GENERAL INFORMATION
fixed length control field 200520b xxu||||| |||| 00| 0 eng d
020 ## - INTERNATIONAL STANDARD BOOK NUMBER
ISBN 9789374736623
041 ## - LANGUAGE CODE
Language code of text/sound track or separate title eng
082 ## - DEWEY DECIMAL CLASSIFICATION NUMBER
Classification number 612 YAD
100 ## - MAIN ENTRY--AUTHOR NAME
Personal name Yadav Asha
245 ## - TITLE STATEMENT
Title Human Anatomy and Physiology with solved Question
250 ## - EDITION STATEMENT
Edition statement 1'st
260 ## - PUBLICATION, DISTRIBUTION, ETC. (IMPRINT)
Place of publication Delhi
Name of publisher AITBS PUBLISHERS
Year of publication 2010
300 ## - PHYSICAL DESCRIPTION
Number of Pages 277 XVII
650 ## - SUBJECT ADDED ENTRY--TOPICAL TERM
Topical Term Pharmacy
General subdivision B.PHARMA
942 ## - ADDED ENTRY ELEMENTS (KOHA)
Koha item type Books
Holdings
Lost status Damaged status Collection code Home library Current library Shelving location Date acquired Source of acquisition Cost, normal purchase price Full call number Accession Number Koha item type
    PHARMACY JRU Library JRU Library SHELF-20-G 01/06/2020 PURCHASE 299.00 612 YAD 24116 Books